Transitions et subordinations au capitalisme
Αποθηκεύτηκε σε:
| Άλλοι συγγραφείς: | |
|---|---|
| Μορφή: | Βιβλίο |
| Γλώσσα: | French |
| Δημοσίευση: |
Paris :
Fodation de la Maison des sciences de l'homme,
c1991
|
| Θέματα: | |
| Ετικέτες: |
Προσθήκη ετικέτας
Δεν υπάρχουν, Καταχωρήστε ετικέτα πρώτοι!
|
MARC
| LEADER | 00000nam a2200000 i 4500 | ||
|---|---|---|---|
| 001 | 1/15484 | ||
| 008 | 980610s1991 fre d | ||
| 020 | |a 2-7351-0428-1 | ||
| 035 | |l 10019845 | ||
| 040 | |a GR-MY-UA |b gre |e aacr | ||
| 041 | 0 | |a fre | |
| 082 | 0 | |a 330.126 | |
| 245 | 1 | 0 | |a Transitions et subordinations au capitalisme / |c Sous la direction de Maurice Godelier |
| 260 | |a Paris : |b Fodation de la Maison des sciences de l'homme, |c c1991 | ||
| 300 | |a 424 p. | ||
| 504 | |a Includes bibliographical references | ||
| 650 | 0 | 0 | |a Mixed economy |z Developing countries. |
| 651 | 0 | |a Developing countries |x Economic conditions. | |
| 700 | 1 | |a Godelier, Maurice. | |
| 852 | |a INST |b LESVOS |e 19980610 |h 330.126 GOD |p 005100014587 |q 005100014587 |t BK |y 0 | ||
| 901 | |a BIBL-1998-2 | ||
| 909 | |a Λ |b 044080 | ||
| 922 | |a 1ΔΩΡ |b 199602 |c ΤΚΑ | ||